| 000 | 00347 a2200109 4500 | ||
|---|---|---|---|
| 001 | ART_23950 | ||
| 005 | 20260410161933.0 | ||
| 008 | 260409a | ||
| 245 | 1 | 0 | _aLa crisis energética y el nuevo orden económico mundial |
| 100 | 1 | _aRabinovich, Eduardo Jorge | |
| 773 | 0 |
_tInforme _g- Año VIII, Nº 49 (oct./dic. 1976) _wREV23765 |
|
| 999 |
_c28752 _d28752 |
||